Alive and Well in Pakistan (Record no. 14822)

MARC details
000 -LEADER
fixed length control field 00603nam a2200229 a 4500
020 ## - INTERNATIONAL STANDARD BOOK NUMBER
ISBN 9694024935
082 00 - DEWEY DECIMAL CLASSIFICATION NUMBER
Classification number 915.5491
Author Cutter CAS
100 ## - MAIN ENTRY--AUTHOR NAME
Author name Casey, Ethan
245 ## - TITLE STATEMENT
Title Alive and Well in Pakistan
Sub title A Human Journey in a Dangerous Time
260 ## - PUBLICATION, DISTRIBUTION, ETC. (IMPRINT)
Place of publication Karachi
Name of publisher Vanguard Books
Year of publication 2005
300 ## - PHYSICAL DESCRIPTION
Number of Pages 280p
500 ## - GENERAL NOTE
General note includes index and biblioraphy
650 ## - SUBJECT ADDED ENTRY--TOPICAL TERM
Topical Term Travelogue-Pakistan
942 ## - ADDED ENTRY ELEMENTS (KOHA)
Koha item type Books
700 1# -
-- Casey, Ethan
Holdings
Collection code Home library Current library Date acquired Cost, normal purchase price Full call number Accession Number Koha item type
  Henry Martyn Institute Library Henry Martyn Institute Library 04/16/2008 695.00 915.5491 CAS 022353 Books
                   Copyright © 2026 | Henry Martyn Institute | Hyderabad | TS-500052 | INDIA | Implemented by hmi.edu.in
Hit-Count:

Powered by Koha